| 000 | 00562 a2200205 4500 | ||
|---|---|---|---|
| 001 | 61489 | ||
| 005 | 20260407155905.0 | ||
| 008 | 260407a1981 arg spa d | ||
| 003 | AR-UNSa-BCEJYS | ||
| 040 |
_aAR-UNSa-BCEJYS _bspa _cAR-UNSa-BCEJYS |
||
| 080 |
_a347.4 _xObligaciones. Contratos. Acuerdos. Convenios |
||
| 245 | 1 | 0 | _aManual de obligaciones |
| 250 | _a7a. ed. | ||
| 264 | 1 |
_aBuenos Aires : _bPerrot _c1981 |
|
| 300 |
_a658 p. _c23 cm. |
||
| 041 | _aspa | ||
| 942 | _cBK | ||
| 590 | _aniveau_biblio:m niveau_hierar:0 | ||
| 100 | 1 | _aBorda, Guillermo A. | |
| 999 |
_c7329 _d7329 |
||